LDR 00738naa#a2200181#i#450# 001 EN\\bibl\121268 005 20260502064921.6 011 ## _a1994-4683 100 ## _a20230803b2023####ek#y0engy0150####ca 102 ## _aRU 200 1# _aMOTIVATION OF STUDENTS WHEN STUDYING MATHEMATICAL DISCIPLINES IN HIGHER SCHOOL _eJournal article 210 1# _aMoscow _cNational State University of Physical Education, Sports and Health named after P.F. Lesgaft _d2023 215 ## _a3 с. 608 ## _aJournal article _2local 675 ## _aЛабораторные работы. Самостоятельные исследования. Практика вне учебного заведения. 378.147.88 _z 700 #1 _a _g 700 #1 _a _g 856 4# _auchzapiski.lesgaft.spb.ru _u